| 000 | 00603cam0a220020500 4500 | ||
|---|---|---|---|
| 001 | tmp15698978 | ||
| 003 | UPRA | ||
| 005 | 20190826103216.0 | ||
| 008 | 951006s1966 enk f eng u | ||
| 035 | _a(Sirsi) r61996 | ||
| 035 | _a(UPRA)tmp15698978 | ||
| 040 | _cUPRA | ||
| 110 | 1 |
_bUniversity Grants Committee. _6A5179.1 |
|
| 245 | 1 | 0 | _aResidential catering. |
| 260 |
_aLondon : _bH.M.S.O., _c1966. |
||
| 440 | 0 |
_aUniversity building notes _6S2191.1 |
|
| 650 | 0 |
_aSchool lunchrooms, cafeterias, etc. _6S15151.1 |
|
| 949 |
_aTX945 _wlcc _i33729000319801 _mMAIN _p2500 _tBOOK _lON-SHELF |
||
| 004 | 61996 | ||
| 999 |
_c165479 _d165479 |
||